000 004560000a22001930004500
003 LK-CoMWRAF
005 20231230111208.0
008 230817t ||||| |||| 00| 0 eng d
020 _a0140255672
040 _aLK-CoMWRAF
_dLK-CoMWRAF
_eLK-CoMWRAF
041 _aeng
082 _a823
_bDE
100 _aDe, Shobha
245 _aSecond thoughts
260 _aNew Delhi :
_bPenguin,
_c1996
300 _a289p
650 _aEnglish Fiction
942 _cBK
999 _c1147
_d1147